000 00856nam a2200217 a 4500
001 78192
003 BD-RjUL
005 20251028121038.0
008 210408s1961 ii ||||| |||| 00| 0 ben d
035 _a(BD-RjUL)78418
040 _aBD-RjUL
_beng
_cBD-RjUL
041 _aben
082 _223
_a891.4409
_bCHB 1961
100 _aচক্রবর্তী, রমণীমোহন
_9246896
245 1 0 _aবাংলা সাহিত্যের আধুনিক কাল /
_cরমণীমোহন চক্রবর্তী
260 _bভারতীবুক স্টল,
_c১৯৬১
300 _a১৪০ পৃ.;
_c২১ সেমি.
650 _aবাংলা সাহিত্য
_xইতিহাস ও সমালোচনা
_9246897
650 _aBengali Literature
_xHistory and Criticism
_9246898
942 _2ddc
_cBK
999 _c78192
_d78192